Magnetohydrodynamic flow in ducts /

Bibliographic Details
Main Author: Branover, H. (Herman)
Format: Book
Language:English
Published: New York : Jerusalem : Wiley ; Israel Universities Press, [1978]
Subjects:

MARC

Tag First Indicator Second Indicator Subfields
LEADER 00000cam a2200000 a 4500
001 in00000050896
005 20151007080028.0
008 791008s1978 enka b 00110 eng d
010 |a  78067721  
020 |a 0470265396 
020 |a 0706515811 
035 |a (OCoLC)05502753 
035 |9 AAF4156AM 
040 |a JHE  |c JHE  |d TXA  |d UtOrBLW 
049 |a TXAM  |c [1387445] 
090 |a QC155.7  |b .B7 1978 
100 1 |a Branover, H.  |q (Herman) 
245 1 0 |a Magnetohydrodynamic flow in ducts /  |c Herman Branover. 
264 1 |a New York :  |b Wiley ;  |a Jerusalem :  |b Israel Universities Press,  |c [1978] 
264 4 |c ©1978 
300 |a xii, 290 pages :  |b illustrations ;  |c 25 cm. 
336 |a text  |b txt  |2 rdacontent 
337 |a unmediated  |b n  |2 rdamedia 
338 |a volume  |b nc  |2 rdacarrier 
500 |a "A Halsted Press book." 
500 |a Includes indexes. 
504 |a Bibliography: pages 273-284. 
650 0 |a Magnetohydrodynamics. 
650 0 |a Pipe  |x Fluid dynamics. 
999 |a MARS 
999 f f |s 4d590318-a7cb-3a9f-8295-df7547098f08  |i deb534ba-ca25-3e30-bbb0-6e9cbac19968  |t 0 
952 f f |p ric  |a Texas A&M University  |b Rellis Campus  |c Joint Library Facility  |d Remote Storage  |t 0  |e QC155.7 .B7 1978  |h Library of Congress classification  |i unmediated -- volume  |m A14805945993 
998 f f |a QC155.7 .B7 1978  |t 0  |l Remote Storage